000 00318nam a22001217a 4500
040 _cHS
082 _a657
100 _aអេង លេង
245 _a Basic accounting មូលដ្ឋានគ្រឹះនៃគណនេយ្យ
260 _aRUA
_bអេង លេង
_c2008
300 _a41p;
942 _cKB
999 _c10067
_d10067